000 00498nam a2200181Ia 4500
001 21229
005 20260306172904.0
008 260306t2018||||xx |||||||||||||| ||spa||
041 _aESP
082 _a344.3
_bA37
100 _aAlcócer Povis, Eduardo,
_eAUT
245 0 _aLa reincidencia como agravante de la pena :
_bconsideraciones dogmáticas y de política criminal
260 _c2018
300 _a398 páginas :
_c24 cm.
650 _aGEN
654 _aCDE
942 _cLIB
_dJUS
_fJUS
_2ddc
_n
999 _c21229
_d21229